000 00430cam a22001575a 4500
001 J100966
008 000000s1931 xxk 000 0 eng u
035 _a(Sirsi) u100966
110 _aAuctioneers' and Estate Agents' Institute of the United Kingdom
_93789
245 _aExamination questions, March 1931.
260 _c1931
300 _a64p.
651 4 _aUnited Kingdom
_y
690 _aBusiness and management
942 _n0
999 _c99956
_d99956